| 000 | 005180000a22001810004500 | ||
|---|---|---|---|
| 003 | MACL | ||
| 005 | 20160219125546.0 | ||
| 008 | 160219b xxu||||| |||| 00| 0 eng d | ||
| 040 |
_aMACL _cMACL |
||
| 041 | _aHindi | ||
| 082 | _a403 | ||
| 100 |
_aशर्मा हरिशकंर _939040 |
||
| 245 | _aअभिनव हिन्दी कोष | ||
| 260 |
_bगयाप्रसाद एण्ड संस _aआगरा |
||
| 350 | _a8 | ||
| 650 |
_aDictionary _939041 |
||
| 942 |
_cHIN _k403 _2ddc |
||
| 999 |
_c24545 _d24545 |
||